000
00269nam a22001217a 4500
040
_c
SK
082
_a
591
100
_a
NA
245
_a
Laboratory training, management and water quality and nutrient analysis
260
_a
NA
_b
NA
_c
1998
300
_a
44p.
942
_c
EK
999
_c
9111
_d
9111